Vocabularium biblicum septem linguarum : hebraico-graeco-latino-anglico-germanico-hungarico-bohemicum = Biblical dictionary in seven languages : Hebrew-Greek-Latin-English-German-Hungarian-Czech = Biblický slovník sedmi jazyků : hebrejsko-řecko-latinsko-anglicko-německo-maďarsko-český /

Hlavní autor: Heller, Jan, 1925-2008
Další autoři: Csémy, Ľudovít, 1923-
Jazyk: Maďarština
Hebrejština
Němčina
Řečtina, moderní (po 1453)
Latina
Čeština
Angličtina
Vydáno: Praha : Vyšehrad, 2006
Vydání: 5., rozš. vyd., (Ve Vyšehradu 2.)
Témata:
Externí odkaz: Digitalizovaný dokument
Fyzický popis: xxi, 368 s. ; 25 cm
Language note: Souběžná anglická a česká tit. s. a úvod
Knihy
Uloženo v:
LEADER 02376nam a2200517 a 4500
001 nkc20061693618
003 CZ PrNK
005 20061214090245.0
007 ta
008 061018s2006 xr e d 001 0 lat
015 |a cnb001693618 
020 |a 80-7021-801-0  |q (váz.) :  |c Kč 388,00 
035 |a (OCoLC)85004919 
040 |a OLA001  |b cze  |d ABA001 
041 0 |a lat  |a cze  |a eng  |a ger  |a gre  |a heb  |a hun 
072 7 |a 2-23/-27  |x Bible. Biblistika  |2 Konspekt  |9 5 
072 7 |a 81  |x Lingvistika. Jazyky  |2 Konspekt  |9 11 
080 |a 26-23  |2 MRF 
080 |a 27-232/-236  |2 MRF 
080 |a 26-27  |2 MRF 
080 |a 27-27  |2 MRF 
080 |a (038)81  |2 MRF 
100 1 |a Heller, Jan,  |d 1925-2008  |7 jk01040666  |4 aut 
245 1 0 |a Vocabularium biblicum septem linguarum :  |b hebraico-graeco-latino-anglico-germanico-hungarico-bohemicum = Biblical dictionary in seven languages : Hebrew-Greek-Latin-English-German-Hungarian-Czech = Biblický slovník sedmi jazyků : hebrejsko-řecko-latinsko-anglicko-německo-maďarsko-český /  |c Jan Heller ; partem hungaricam praepravit Ľudovít Csémy 
246 3 1 |a Biblical dictionary in seven languages :  |b Hebrew-Greek-Latin-English-German-Hungarian-Czech 
246 3 1 |a Biblický slovník sedmi jazyků :  |b hebrejsko-řecko-latinsko-anglicko-německo-maďarsko-český 
250 |a 5., rozš. vyd., (Ve Vyšehradu 2.) 
260 |a Praha :  |b Vyšehrad,  |c 2006 
300 |a xxi, 368 s. ;  |c 25 cm 
500 |a Obsahuje rejstříky 
546 |a Souběžná anglická a česká tit. s. a úvod 
630 0 7 |a Bible  |7 unn2006374667  |2 czenas 
650 0 7 |a biblické texty  |7 ph118860  |2 czenas 
650 0 7 |a biblistika  |7 ph118873  |2 czenas 
650 0 9 |a Biblical texts  |2 eczenas 
650 0 9 |a biblistics  |2 eczenas 
655 7 |a vícejazyčné překladové slovníky  |7 fd133852  |2 czenas 
655 9 |a polyglot translation dictionaries  |2 eczenas 
700 1 |a Csémy, Ľudovít,  |d 1923-  |7 jn20001227268  |4 aut 
856 4 1 |u http://www.digitalniknihovna.cz/mzk/uuid/uuid:beb37e60-872a-11e7-b92d-005056827e51  |y Digitalizovaný dokument  |x NDK 
910 2 |a BOA001  |b 2-1176.177 
990 |a BK 
995 |a 01 
991 |b 200611  |c NOV 
996 6 |b 2610293012  |c 2-1176.177  |l MZK  |r HSS 4p  |n 0  |p p.v.  |h 2-23/-27 HEL  |w 000829247  |u 000010  |a 0  |e BOA001  |j MZK50  |s P 
996 7 |b 2610294049  |c 2-1176.177  |l MZK  |r Sklad / do 1 hodiny  |n 7  |p kup  |w 000829247  |u 000020  |a 1  |e BOA001  |j MZK50  |s A